000 00307 a2200145 4500
001 160990
020 _a
040 _cMagnum
100 _aKoch, Ingedore Villaca
240 1 0 _aA coerencia textual
_lpor
245 1 0 _aA coerencia textual
362 0 _a1899
697 _aPRODUCAO DE TEXTO
942 _cBK
999 _c160990
_d160990